000 01294nam0a2200337 4500
001 RU\NLR\BIBL_A\011626156
005 20180302114407.0
010 _a978-5-00030-526-3
021 _aRU
_bКН-П-18-002803
_9КН-П-18-0194
035 _a(NLR Aleph) 011626156
035 _a(RuMoRGB)009520218
090 _a11009065
_c11009065
100 _a20180212d2018 u y0rusy50 ca
101 0 _arus
102 _aRU
105 _aa|||z|||000zy
200 1 _aБолезни периферической нервной системы
_eруководство для врачей
_fЯ. Ю. Попелянский
205 _a4-е изд.
210 _aМосква
_cМЕДпресс-информ
_d2018 [т.е. 2017]
215 _a351 с., [4] л. цв. ил.
_cил.
_d22
300 _aКн. фактически издана в 2017 г.
320 _aБиблиогр.: с. 323-351
606 1 _aПериферическая нервная система
_xБолезни
_jРуководства, пособия и т.п
_2nlr-sh1
686 _aР625,07
_2rubbk
686 1 _aР625я77
700 1 _aПопелянский
_bЯ. Ю.
_gЯков Юрьевич
942 _cBOOK
980 _aNBR
980 _aNB